000 03266nab a2200289 i 4500
003 BR-BrBNA
005 20250708143808.0
008 250708b2020 bl.tr|pooa||| 00| 0 por |
040 _aBR-BrBNA
_bpor
072 _aM12
_b8140
100 _aMassago, Haluko
100 _aSilva, Bruno Corrêa da
245 _aDesempenho do lambari-do-rabo-amarelo alimentado com rações práticas contendo diferentes níveis de proteína bruta
500 _a Publicação online; 21 ref.; 2 tables; Summaries (En, Pt)
520 _a Resumo – O trabalho teve o objetivo de verificar o desempenho do lambari-do-rabo-amarelo Astyanax bimaculatus alimentado com diferentes níveis de proteína bruta (PB) em dieta prática para a fase de engorda. O delineamento experimental foi o inteiramente casualizado, feito com 6 dietas fareladas e 4 repetições cada, que apresentavam nível proteico de 18,9, 21,3, 23,7, 26,5, 28,6 e 31,2% PB, respectivamente. Foram usados 24 aquários de 80 litros com 20 peixes cada, com recirculação de água mantido a 23,2 ± 0,95 oC; pH 7,2 ± 0,2; alcalinidade 30,3 ± 8,0 mg CaCO3 L-1. O ensaio durou 70 dias, iniciando com lambaris de 1,29 ± 0,08g, alimentados 4 vezes ao dia na quantidade de 7,0 a 3,5% do peso vivo por dia. Em todos os tratamentos a sobrevivência foi acima de 80% com o peso final entre 4,2 a 5,8g. Os resultados do peso final, a eficiência alimentar, a produtividade e o custo de produção indicam que a melhor dieta prática para a engorda do lambari-do-rabo-amarelo foi a que contém 26%PB. Termos para indexação: Astyanax bimaculatus; nutrição; desempenho zootécnico; custos de alimentação
520 _a Abstract – The aim of this research was to evaluate the practical diet crude protein (CP) diets based on the ideal protein for the growth of yellow-tail lambariAstyanax bimaculatus juvenile. The experimental design was completely randomized being 6 powder feed (18.9, 21.3, 23.7, 26.5, 28.6 and 31.2% CP), with 4 replicates each. Were used 24 aquariums (20 fish each, initial weight 1.29 ± 0.08g) with 80-liter water recirculation system. Water were maintained at 23.2 ± 0.95oC, pH 7.2 ± 0.2, alkalinity 30.3 ± 8.0mg CaCO3 L-1. The assay lasted 70 days, fed 4 times daily at 7.0 to 3.5% of body weight per day. In all treatments, they survived above 80% with the final weight between 4.2 and 5.8g. The results of the final weight, feed efficiency, productivity and production cost, indicate that the better practical diet for grow-out the yellow-tail lambari was the diet containing 26% CP. Index terms: Astyanax bimaculatus; nutrition; zootechnical performance; feed cost
650 _aLAMBARI
650 _aPEIXE DE ÁGUA DOCE
650 _aDIETA
650 _aPROTEÍNA BRUTA
650 _aPERFORMANCE
650 _aPISCICULTURA
773 0 _01813
_9317202
_dFlorianópolis-SC Empresa de Pesquisa Agropecuária e Extensão Rural de Santa Catarina 1988-
_o2024-3826
_tAgropecuária Catarinense (Brazil)
_x0103-0779
_gv. 33(3) p. 67-71; (2020)
_wBR20250039
856 _uhttps://publicacoes.epagri.sc.gov.br/rac/article/view/551/984
942 _cANA
999 _c332456
_d332456